Fruits by Images A-Z - Statistics

General Stats
  • This quiz has been taken 55 times
  • The average score is 12 of 25
Answer Stats
Picture Answer % Correct
Blackberry
98%
Apricot
94%
Fig
91%
Watermelon
91%
Orange
85%
Dragon Fruit
74%
Cantaloupe
70%
Nectarine
68%
Jackfruit
64%
Mango
64%
Lychee
62%
Guava
57%
Kiwi
57%
Pomegranate
53%
Elderberry
49%
Quince
40%
Rambutan
32%
Tamarind
25%
Sapodilla
4%
Victoria Plum
4%
Ugni
2%
Ximenia
2%
Honeyberry
0%
Ice Apple
0%
Yangmei
0%
No matching quizzes found
Score Distribution
Percent of People with Each Score
Percentile by Number Answered
Your Score History
You have not taken this quiz